| 000 | 00499nam a2200169 4500 | ||
|---|---|---|---|
| 003 | NUST | ||
| 038 | _aAttaullah | ||
| 082 | _aPhD-IT FAR | ||
| 100 |
_aFarah Karim _919812 |
||
| 245 | _aMapRQL: SPARQL over MapReduce | ||
| 260 |
_aIslamabad _bNust School of Electrical Engineering and computer Science |
||
| 300 |
_a48 P _eCD-ROM |
||
| 500 | _aSupervisor;Dr.Khalid Latif | ||
| 700 |
_aFarah Khalid _919813 |
||
| 856 | _uhttp://10.250.8.41:8080/xmlui/handle/123456789/9835 | ||
| 942 |
_cPR _2ddc |
||
| 999 |
_c12242 _d12242 |
||